000 00874nam a2200313 a 4500
003 AR-BaBNM
005 20251128203503.0
008 082120s2002 ||||||||||||||000 | spa||
020 _a84-7100-211-6
040 _cAR-BaBNM
100 1 _aOssio, Juan M.
245 0 0 _aLos indios del Perú
250 _a1ª ed.
260 _aMadrid
_bMapfre
_c1992
300 _a304 p.
_bmapas, tablas, gráfs.,il., láms.
490 0 _aIndios de América
_vv. 1
500 _aApéndice para consultar p. 279-295
650 4 _aPERIODO HISPANICO
650 4 _aGEOGRAFIA FISICA
650 4 _aHISTORIA ECONOMICA
650 4 _aHISTORIA POLITICA
650 4 _aABORIGENES
650 4 _aABORIGENES SUDAMERICANOS
650 4 _aHISTORIA SOCIAL
800 1 _aGallego, José Andrés
_ecoordinador
800 1 _aEsteva-Fabregat, Claudio
_edirector
942 _cBK
998 _cmariana
999 _c3605
_d3605